Aprovechamiento de residuos de palma para la producción de etanol de segunda generación por hidrólisis enzimática
Guardado en:
| Hovedforfatter: | |
|---|---|
| Andre forfattere: | |
| Format: | Bog |
| Sprog: | Spanish |
| Udgivet: |
San José, Costa Rica
2019
|
| Fag: | |
| Tags: |
Tilføj Tag
Ingen Tags, Vær først til at tagge denne postø!
|
MARC
| LEADER | 00000nam a22000007a 4500 | ||
|---|---|---|---|
| 003 | 013093 | ||
| 005 | 20230504104604.0 | ||
| 008 | 190715b2019 cr a|||| ||m| 00| ||spa d | ||
| 040 | |c cru CEDI | ||
| 100 | |9 468 |a Charpentier Alfaro, Camila, 1995- | ||
| 245 | |a Aprovechamiento de residuos de palma para la producción de etanol de segunda generación por hidrólisis enzimática | ||
| 260 | |a San José, Costa Rica |c 2019 | ||
| 500 | |a Proyecto de graduación(licenciatura en ingeniería química)--Universidad de Costa Rica. Facultad de Ingeniería. Escuela de Ingeniería Química | ||
| 501 | |a Directora de Proyecto de Graduación: Johanna Méndez Arias, Ph. D. | ||
| 650 | |x HIDROLISIS ENZIMATICA |x FERMENTACION |x PALMA AFRICANA |x LIGNOCELULOSA |x RAQUIS DE PALMA |x APROVECHAMIENTO DE RESIDUOS |x ALCOHOL - PRODUCCION | ||
| 700 | |9 464 |a Méndez Arias, Johanna, 1983- |d Directora del TFG | ||
| 942 | |c CEDI |h TFG 8243 |6 TFG_8243_000000000000000 | ||
| 999 | |c 21755 |d 21755 | ||
